000 00823nam a2200265Ia 4500
003 GCL
008 140319s9999 xx 000 0 ara d
040 _aGCL /
_cGCL
082 0 4 _a658.401
_bس ا
100 1 _aسعيد يس عامر
245 1 0 _aاستراتيجيات التغيير:CHANGING STRATGIES /
_cسعيد يس عامر
260 _a[S.N] :
_bمركز وايد سيرفيس للاستشارات والتطوير ،
_c1995
300 _a684 ص
490 _a
650 0 4 _aادارة الاعمال
650 0 4 _aالادارة
650 0 4 _aالتسويق
650 0 4 _aالتخطيط
650 0 4 _aالتنظيم
650 0 4 _aالشركات
650 0 4 _aالاحتكار
650 0 4 _aالاستراتيجية التنافسية
650 0 4 _aتخطيط الانتاج
942 _2ddc
_cBK
999 _c36936
_d36936